[Event "Sharjah Master 2024"]
[Site "Shsrjah - Abu Dhabi"]
[Date "2024.05.17"]
[Round "?"]
[White "Siddharth, Jagadeesh"]
[Black "Yuffa, Daniil"]
[Result "0-1"]
[WhiteElo "2508"]
[BlackElo "2617"]
[PlyCount "82"]
[EventDate "2024.05.14"]
[EventCountry "UAE"]

1. e4 c5 2. Nf3 Nc6 3. d4 cxd4 4. Nxd4 Nf6 5. Nc3 e5 6. Ndb5 d6 7. Nd5 Nxd5 8. exd5 Nb8 9. c4 a6 10. Qa4 Bd7 11. Qa3 Bxb5 12. cxb5 a5 $146 ({RR} 12... Be7 13. bxa6 bxa6 14. Bb5+ Kf8 15. O-O f5 16. Bd2 Kf7 17. Bd3 e4 18. Be2 Rf8 19. f3 exf3 20. Rxf3 Kg8 21. Ba5 Qe8 22. Re1 Nd7 23. Bd3 f4 24. Bb4 a5 25. Bc3 Qf7 26. Qb3 Bf6 27. Qc2 {Zhou,Y (1559)-Lu,Y (1594) Shanghai CHN 2024 1-0 (43)}) ({RR} 12... Nd7 13. bxa6 bxa6 14. Bd2 Be7 15. Rc1 a5 16. Bb5 O-O 17. Bc6 Ra6 18. b4 Bg5 19. Bxg5 Qxg5 20. O-O Qe7 21. b5 Ra7 22. Bxd7 Qxd7 23. Rc6 Rd8 24. Rb1 Raa8 25. b6 Qf5 26. Rbc1 e4 27. b7 {Soumya,S (2259)-Rajasurya,J (1710) Dharamshala IND 2024 1-0 (32)}) 13. b6 Qxb6 14. Be3 Qb4+ 15. Qxb4 axb4 16. Rc1 Na6 17. Bb5+ Kd8 18. Bb6+ Ke7 19. O-O $6 {Inaccuracy. f4 was best.} (19. f4 g6 20. fxe5 Bh6 21. Rd1 Bg7 22. exd6+ Kxd6 23. O-O Rhf8 24. Be3 Bxb2) 19... g5 20. Rc4 f5 21. Rfc1 Kf6 22. Bxa6 Rxa6 23. Rxb4 Rxa2 24. Bd8+ Kg6 25. Rxb7 f4 26. f3 h5 27. b4 $6 {Inaccuracy. Rc8 was best.} (27. Rc8 e4 28. fxe4 Bg7 29. Rxg7+ Kxg7 30. Bf6+ Kxf6 31. Rxh8 h4 32. h3 Rxb2) 27... g4 28. b5 $4 {Blunder. Bh4 was best.} (28. Bh4) 28... h4 29. h3 g3 $6 {Inaccuracy. gxf3 was best.} (29... gxf3) 30. Rb1 $4 {Blunder. Bb6 was best.} (30. Bb6) 30... Bg7 31. Rd7 $6 {Inaccuracy. Rxg7+ was best.} (31. Rxg7+ Kxg7 32. Bc7 Rc8 33. Bxd6 Kf6 34. b6 Rb2 35. Re1 Rxb6 36. Bxe5+ Kf5) 31... e4 32. Rxd6+ Kh5 33. Bf6 $6 {Inaccuracy. Bb6 was best.} (33. Bb6 Rha8 34. Rc6 Rd2 35. Kh1 Raa2 36. d6 e3 37. Rc5+ Kg6 38. Rc6 Kh7) 33... Rc8 34. Bxg7 $4 {Checkmate is now unavoidable. Kh1 was best.} (34. Kh1 Rcc2 35. Re6 Rxg2 36. Re5+ Kg6 37. Rxe4 Rh2+ 38. Kg1 Rag2+ 39. Kf1 Bxf6) 34... Rcc2 35. Re1 $4 {Checkmate is now unavoidable. Rh6+ was best.} (35. Rh6+ Kg5 36. Kh1 Rxg2 37. Re1 Rh2+ 38. Kg1 Rag2+ 39. Kf1 Rd2 40. Kg1 Rxh3) 35... Rxg2+ 36. Kh1 Rh2+ 37. Kg1 Rhg2+ 38. Kh1 Rge2 39. Bc3 $2 {Checkmate is now unavoidable. Rh6+ was best.} (39. Rh6+ Kg5 40. Rxe2 Rxe2 41. Re6 exf3 42. Kg1 Rg2+ 43. Kf1 Rh2 44. Ke1 f2+) 39... exf3 40. Rxe2 $4 {Checkmate is now unavoidable. Rh6+ was best.} (40. Rh6+ Kxh6 41. Rxe2 Rxe2 42. d6 f2 43. Bg7+ Kh5 44. Kg2 f3+ 45. Kxf3 f1=Q#) 40... Rxe2 41. Re6 Rh2+ 0-1

[Event "Sharjah Master 2024"]
[Site "Shsrjah - Abu Dhabi"]
[Date "2024.05.17"]
[Round "?"]
[White "Radjabov, Teimour"]
[Black "Gurel, Ediz"]
[Result "1/2-1/2"]
[WhiteElo "2723"]
[BlackElo "2578"]
[PlyCount "29"]
[EventDate "2024.05.14"]
[EventCountry "UAE"]

1. c4 e5 2. Nc3 Bb4 3. Nd5 Be7 4. Nf3 d6 5. d3 ({RR} 5. g3 Nf6 6. Nc3 O-O 7. Bg2 Re8 8. d4 Nc6 9. d5 Nb8 10. O-O a5 11. e4 Na6 12. h3 Nc5 13. Qc2 h6 14. Be3 Nfd7 15. b3 Bg5 16. Nxg5 hxg5 17. a3 b6 18. b4 Na6 19. Qd2 f6 {Caruana,F (2804)-So,W (2757) Saint Louis USA 2024 1-0 (35)}) ({RR} 5. g3 Nf6 6. Nxf6+ Bxf6 7. d3 O-O 8. Bg2 Nc6 9. O-O Bg4 10. Rb1 Qd7 11. b4 Bh3 12. b5 Ne7 13. a4 Bxg2 14. Kxg2 g6 15. Ba3 Bg7 16. Qc2 Rad8 17. c5 d5 18. c6 bxc6 19. bxc6 Qe6 {Kanyamarala,T (2201)-Kokoszczynski,J (2250) chess.com INT 2024 0-1 (41)}) 5... Nf6 $146 ({RR} 5... c6 6. Nc3 f5 7. e3 Nf6 8. Be2 O-O 9. O-O a5 10. b3 Kh8 11. Bb2 Be6 12. Qc2 Na6 13. a3 Bg8 14. Rfe1 Qd7 15. Na4 Rae8 16. Bf1 b5 17. Nc3 bxc4 18. bxc4 Rb8 19. Na4 c5 20. Nc3 {Sadhwani,R (2654)-Paravyan,D (2612) Samarkand UZB 2023 1-0 (51)}) 6. Nc3 O-O 7. g3 c6 8. Bd2 h6 9. Bg2 Be6 10. O-O Nbd7 11. e4 d5 12. exd5 cxd5 13. cxd5 Nxd5 14. d4 Bf6 15. dxe5 1/2-1/2

[Event "Sharjah Master 2024"]
[Site "Shsrjah - Abu Dhabi"]
[Date "2024.05.17"]
[Round "?"]
[White "Artemiev, Vladislav"]
[Black "Safarli, Eltaj"]
[Result "1/2-1/2"]
[WhiteElo "2705"]
[BlackElo "2594"]
[PlyCount "40"]
[EventDate "2024.05.14"]
[EventCountry "UAE"]

1. d4 Nf6 2. Nf3 d5 3. c4 e6 4. Nc3 Bb4 5. cxd5 exd5 6. Bg5 h6 7. Bh4 O-O 8. e3 c5 9. dxc5 Nbd7 10. Qd4 Bxc5 11. Qd2 Bb4 $146 ({RR} 11... Be7 12. Be2 Nb6 13. O-O Bf5 14. Nd4 Bg6 15. Bd3 Ne4 16. Bxe4 dxe4 17. Bxe7 Qxe7 18. Qe2 Rac8 19. Rac1 a6 20. Qg4 Rc5 21. Qf4 Rfc8 22. Rcd1 Nc4 23. Na4 Ra5 24. b3 Ne5 25. Nb6 Rd8 26. Nc4 {Nogerbek,K (2483)-Narayanan,S (2677) Samarkand UZB 2023 ½-½ (58)}) 12. a3 Bxc3 13. Qxc3 g5 14. Bg3 Ne4 15. Qc7 Qf6 16. Nd4 Ndc5 17. Qe5 Qxe5 18. Bxe5 Re8 19. Bg3 Bd7 20. Be2 Rac8 1/2-1/2

[Event "Sharjah Master 2024"]
[Site "Shsrjah - Abu Dhabi"]
[Date "2024.05.17"]
[Round "?"]
[White "Sevian, Samuel"]
[Black "Kacharava, Nikolozi"]
[Result "1-0"]
[WhiteElo "2698"]
[BlackElo "2527"]
[PlyCount "160"]
[EventDate "2024.05.14"]
[EventCountry "UAE"]

{[%evp 9,160,38,29,30,35,33,39,36,36,36,47,24,48,42,40,14,10,17,21,2,0,0,1,1,2,3,14,7,8,0,5,-7,-10,-26,-28,-35,-1,-112,0,0,3,-37,12,0,0,-24,-27,-23,100,62,58,64,63,54,63,52,59,65,70,12,15,15,13,14,183,175,179,123,121,132,128,126,139,138,183,173,166,163,181,162,155,144,162,140,140,135,219,207,213,220,220,200,223,223,288,162,250,256,288,288,257,244,300,292,421,423,466,464,468,452,457,442,468,466,463,461,451,453,475,426,465,455,446,452,504,495,492,476,466,455,436,405,522,522,532,521,528,520,707,628,625,595,846,792,808,797,29941,29943,29939,29942,1473,1467,853]} 1. d4 d5 2. c4 dxc4 3. e4 b5 4. a4 c6 5. axb5 cxb5 6. Nc3 Qb6 7. Nd5 Qb7 $1 8. Bf4 {White is slightly better.} e5 $1 {[%cal Re5f4]} 9. Bxe5 {And now Nc7+ would win.} Nd7 $1 10. Bf4 Ngf6 11. Nc7+ $1 {[%mdl 64] Double Attack} Kd8 12. Nxa8 Qxe4+ 13. Ne2 Qxa8 14. Nc3 Bb4 15. f3 $1 a5 $146 ({RR} 15... Nd5 16. Bd2 Nxc3 17. Bxc3 Bxc3+ 18. bxc3 Re8+ 19. Kf2 (19. Be2 $14) 19... a6 20. g3 Qd5 21. Bg2 Bb7 22. Re1 Re6 23. Bh1 (23. Rxe6 $16 fxe6 24. h4) 23... Qh5 24. Rxe6 fxe6 25. h4 Nb6 26. f4 (26. Qc2 $16) 26... Qxd1 27. Rxd1 Bxh1 28. Rxh1 Nd5 29. Rc1 Kc7 30. Ke2 {Agibileg,U (2442)-Dao Thien Hai (2475) Jakarta INA 2024 ½-½ (56)}) ({RR} 15... Re8+ 16. Kf2 Nd5 ({Black should play} 16... Nb6 $11) 17. Bd2 Bxc3 18. bxc3 N7f6 19. Qb1 Qb7 20. Qa2 (20. Be2 $16) 20... a6 $1 21. Be2 Qc7 22. Qa5 Nb6 (22... Qxa5 $11 23. Rxa5 Kc7) 23. Bg5 Nbd5 $2 {[%mdl 8192]} (23... Kd7 $11 {and Black has nothing to worry.}) 24. Rhc1 $2 (24. Bxc4 $1 $18 {[%mdl 512]} Qxa5 (24... bxc4 25. Qxd5+) 25. Rxa5) 24... Qxa5 25. Rxa5 Kc7 26. Bd2 Bb7 27. Rb1 h6 28. h4 Nh5 (28... h5 $11) 29. Bf1 (29. Bxc4 $1 $16 {[%mdl 512]} bxc4 30. Rxb7+ {[%mdl 64] Remove Defender} Kxb7 31. Rxd5) 29... f5 $2 (29... Nhf4 $11) 30. Raa1 $2 {Mashhadi,F (1830)-Darmaeva,N (1903) Al Ain UAE 2023 0-1 (53)} ({White has to play} 30. Bxc4 $1 $18 {[%mdl 512]} bxc4 31. Rxb7+ {[%mdl 64] Remove Defender} Kxb7 32. Rxd5)) 16. Be2 Re8 17. O-O Qc6 18. Re1 a4 19. Bd2 Qb6 20. Kh1 Qxd4 21. Qc2 Bb7 22. Rad1 Qf2 23. Bf4 $2 {Mistake. Rf1 was best.} (23. Rf1 Qc5) (23. Rf1 $11 Qc5 24. Be1) 23... Re6 $2 {Mistake. Nd5 was best.} (23... Nd5 $1 24. Ne4) (23... Nd5 $1 $17 {[%cal Rd5f4]} 24. Nxd5 Bxe1) 24. Bg3 $36 {[%mdl 2048] White has good play.} Qb6 25. Bf1 $6 {Inaccuracy. Nxb5 was best.} (25. Nxb5 $1 Rxe2) (25. Nxb5 $5 {[%cal Rg3c7]} Rxe2 26. Rxe2 Qxb5 27. Re5 $14) 25... Ke8 $6 {Inaccuracy. Bc6 was best.} (25... Bc6 26. Bf2 Bc5 27. Bh4 Rxe1 28. Bxe1 Ke8 29. Na2 Kf8 30. Qf5 Kg8 31. Nb4) 26. Bf2 Qc6 27. Bd4 Kf8 28. Qf5 {Rxe6 is the strong threat.} Bc5 $2 {Mistake. Ba6 was best.} (28... Ba6) (28... Ba6 $11) 29. Bxf6 Nxf6 30. Re5 (30. Re4 $2 {[%mdl 8192] 30.e5 0.58}) 30... Rxe5 $1 31. Qxe5 {Threatens to win with Rd8+.} Ne8 32. Rd8 {[%cal Bd1d8,Bd8b8,Bb8b6][%mdl 32] aiming for Rxe8+!} Be7 33. Rb8 b4 34. Nxa4 (34. Nb5 $14 Bc8 35. Nd4) 34... f6 35. Qe4 Qxe4 36. fxe4 Bxe4 $2 {Mistake. Bc6 was best.} (36... Bc6 37. Nc5 Bxc5 38. Rc8 Bd4 39. Rxc6 c3 40. bxc3 bxc3 41. g4 Be5 42. h4) (36... Bc6 $11 {and Black stays safe.}) 37. Bxc4 $18 (37. Bd3 $4 {[%mdl 8192] 37.xc4 1.82}) 37... Bd6 {[#]} 38. Rb6 $6 {Inaccuracy. Rb5 was best.} (38. Rb5 $1 Nc7 {[#]} 39. Ra5 $1 Ke7 40. Nc5 Bc6 41. Ra7 g6 42. b3 Bxc5 43. Rxc7+ Kd6) ({White should try} 38. Rb5 $18) 38... Ke7 $16 39. Ra6 Nc7 40. Ra5 Bc6 41. Nc5 f5 42. b3 g6 43. Nd3 Be4 44. Nf2 Bc6 45. Kg1 h5 46. Nd3 Be4 47. g3 Bxd3 (47... Kf6 $16) 48. Bxd3 {[%mdl 4096] Endgame KRB-KBN} Ne6 49. Bc4 Nc5 50. Kg2 Kf6 51. Rb5 Ne4 $6 {Inaccuracy. Nd7 was best.} (51... Nd7 52. Rb7 Ne5 53. Rb6 Ke7 54. Bg8 Ng4 55. Rb7+ Kf6 56. Rf7+ Ke5 57. Bh7) 52. Rb7 $6 {Inaccuracy. Bd5 was best.} (52. Bd5 Nd2 53. Ra5 g5 54. h4 gxh4 55. gxh4 Bc7 56. Rb5 Bd6 57. Bg8 Be7) (52. Bd5 $142) 52... Nd2 (52... Kg5 {was worth a try.} 53. Rb5 Kf6) 53. Bg8 Ne4 $6 {Inaccuracy. Be7 was best.} (53... Be7 54. Rb6+ Kg7 55. Bd5 Bc5 56. Rb5 Bd6 57. Ra5 Be7 58. Ra2 Nb1 59. Ra7) 54. Rb6 Ke7 55. Bd5 Nc3 56. Bf7 Bc7 (56... g5 $142 57. Bxh5 Bc5) 57. Rb7 $18 Kxf7 58. Rxc7+ {KR-KN} Ke6 59. Rc6+ Kf7 60. Rd6 g5 61. Rd4 Na2 62. Rd5 Ke6 63. Rb5 g4 64. Kf1 Kf6 65. Kg2 Ke6 66. h4 Kf6 67. Kf1 Ke6 68. Kg2 Kf6 69. Rc5 Nc3 70. Rc6+ Ke5 71. Rh6 Ne4 {Black hopes to continue with ...Nf6.} 72. Rxh5 Nc5 73. Rh6 Nxb3 74. Rb6 Nd2 75. h5 {Hoping for h6.} Ne4 76. h6 {Threatening mate with h7.} Ng5 77. Rb7 b3 78. h7 Nxh7 79. Rxh7 Kd4 $2 {Mistake. f4 was best.} (79... f4 80. Rb7 fxg3 81. Kxg3 Ke4 82. Rxb3 Ke5 83. Rb5+ Kd6 84. Rb4 Kd5 85. Ra4) 80. Rb7 Kd5 {Accuracy: White = 81%, Black = 61%.} 1-0

[Event "Sharjah Master 2024"]
[Site "Shsrjah - Abu Dhabi"]
[Date "2024.05.17"]
[Round "?"]
[White "Deac, Bogdan-Daniel"]
[Black "Vokhidov, Shamsiddin"]
[Result "1/2-1/2"]
[WhiteElo "2692"]
[BlackElo "2591"]
[PlyCount "97"]
[EventDate "2024.05.14"]
[EventCountry "UAE"]

{[%evp 9,97,20,18,15,8,8,10,8,26,24,13,0,19,2,9,9,6,5,57,10,7,10,36,25,19,14,9,8,12,12,10,0,6,-13,0,0,16,0,14,17,40,-3,-8,-16,-11,-24,4,5,9,12,7,0,0,0,0,0,0,0,0,0,0,0,0,0,0,0,0,0,0,0,0,0,9,0,6,0,0,0,0,0,0,0,0,0,0,0,0,0,0,0]} 1. Nf3 Nf6 2. c4 e6 3. b3 d5 4. Bb2 c5 5. cxd5 exd5 6. g3 Nc6 7. Bg2 d4 8. O-O Be7 9. Na3 O-O 10. e3 Bf5 11. exd4 cxd4 12. Nc4 Rc8 13. Re1 Bc5 $146 ({RR} 13... Re8 14. Nfe5 Nb4 (14... Be6 $11 {remains equal.}) 15. Bxb7 Rc7 16. Bg2 (16. Qf3 $16) 16... Nc2 17. Nc6 Qd7 $2 (17... Qc8 $14 18. Nxe7+ Rcxe7 19. Rxe7 Rxe7) 18. Nxe7+ Rxe7 19. Rxe7 Qxe7 20. Rc1 d3 21. Qf3 Qe6 (21... Rc5 $142 22. h3 Qd8) 22. Qf4 Re7 23. Ne3 Bg6 24. Qb8+ Ne8 (24... Re8 $142 25. Qxa7 Be4 26. Bxe4 Nxe4) 25. Nd5 Rd7 26. Bh3 f5 27. Nf4 Qe7 28. Bf1 {Mendonca,L (2608)-Budisavljevic,L (2475) chess.com INT 2024 1-0 (39)}) 14. a3 b5 15. Nce5 Be4 16. Nxc6 Bxc6 17. Ne5 Bxg2 18. Kxg2 Bb6 19. a4 Re8 20. Nf3 Ne4 21. axb5 Qd5 22. Ra4 {[%cal Rb2d4]} g5 {[#] Threatens to win with ...g4.} 23. h3 {[%cal Rb2d4]} ({Of course not} 23. Bxd4 g4 $17) 23... h5 {White must now prevent ...g4.} 24. d3 ({But not} 24. Bxd4 g4 $17) 24... Nd6 {aiming for ...Rxe1.} 25. Rxe8+ Rxe8 26. Kg1 {[%cal Rf3d4]} Nxb5 27. Rc4 f6 28. Nd2 {Threatening Ne4.The position is equal.} Nd6 29. Rc1 h4 30. g4 (30. gxh4 {looks sharper.} gxh4 31. Qg4+ Kf7 32. Kh2 Qe5+ 33. Kh1) 30... Kf7 31. Qf3 Qxf3 32. Nxf3 Nb5 33. Kf1 Re7 34. Rc4 Rd7 35. Ke2 Re7+ 36. Kf1 Rd7 37. Bc1 Nc7 38. Nd2 Ne6 39. Ne4 Rd5 40. b4 Bd8 41. Bd2 a5 42. Kg2 axb4 43. Rxb4 Bc7 44. Rb7 Kg6 45. Ra7 Rb5 46. Ra6 Kf7 47. Ra7 {[#] Hoping for Nd6+.} Kg6 48. Ra6 Kf7 49. Ra7 {Accuracy: White = 93%, Black = 85%.} 1/2-1/2

[Event "Sharjah Master 2024"]
[Site "Shsrjah - Abu Dhabi"]
[Date "2024.05.17"]
[Round "?"]
[White "Nihal Sarin"]
[Black "Nikitenko, Mihail"]
[Result "1-0"]
[WhiteElo "2680"]
[BlackElo "2525"]
[PlyCount "203"]
[EventDate "2024.05.14"]
[EventCountry "UAE"]

{[%evp 26,203,54,48,66,69,77,77,89,69,69,74,100,41,44,48,45,51,58,57,60,22,18,11,8,7,81,92,139,140,131,133,140,136,247,248,241,238,343,50,264,266,258,249,342,175,184,184,186,31,31,19,52,0,2,5,17,17,16,15,22,21,20,14,51,63,55,37,92,26,154,164,172,55,67,77,77,94,114,79,259,199,212,54,55,59,203,211,282,205,194,200,198,158,205,192,295,301,291,286,296,307,373,377,448,447,442,442,430,427,442,461,473,469,517,517,550,551,550,537,540,521,521,422,421,356,494,483,487,482,516,434,518,347,346,341,346,344,340,337,340,335,340,332,332,329,319,318,294,304,355,354,347,355,351,346,342,325,399,399,446,446,446,446,446,445,445,441,424,417,448,448,499,491,457,448,448,448,448,440]} 1. e4 e5 2. Nf3 Nc6 3. Bb5 a6 4. Ba4 Nf6 5. O-O Be7 6. Re1 b5 7. Bb3 d6 8. c3 O-O 9. h3 Nb8 10. d4 Nbd7 11. Nbd2 {[%cal Bb1d2,Bd2f1,Bf1g3][%mdl 32]} Bb7 12. Bc2 Re8 13. Nf1 Bf8 14. Ng3 h6 $146 ({RR} 14... a5 15. a3 a4 16. Bd3 Ba6 17. Nf5 c5 18. d5 c4 19. Bc2 Nc5 20. g4 Kh8 21. Ng5 Ra7 22. Be3 g6 23. Ng3 $1 Bc8 24. Qd2 Ng8 25. f4 exf4 26. Bd4+ $2 (26. Bxf4 $16 {is forced if you want to stay better.} Rae7 27. Nf3) 26... Bg7 $2 (26... f6 $17 {and life is bright.} 27. Nf1 Rg7) 27. Qxf4 (27. Bxg7+ $1 $16 Kxg7 28. Qxf4) 27... f6 28. Nf3 Nh6 $1 29. g5 {Kirtadze,A (1981)-Keller,P (2289) Prague CZE 2024 0-1 (60)} (29. Re2 $11)) ({RR} 14... a5 15. a4 b4 16. cxb4 axb4 17. b3 exd4 18. Nxd4 Nc5 19. f3 g6 20. Bb2 Bh6 21. Nf1 (21. Bc1 $11 Bg7 22. Bg5) 21... d5 22. Nb5 Ne6 23. Ne3 c6 24. Nd4 c5 (24... Nf8 $17) 25. Nb5 $2 (25. Nxe6 $11 {and White has nothing to worry.} Bxe3+ 26. Rxe3 Rxe6 27. Qd2) 25... d4 26. Nf1 Nh5 27. Bc1 Nef4 28. Kh2 Qh4 29. Bb1 {Novik,M (2415)-Mardov,D (2473) New York USA 2024 0-1 (31)}) ({RR} 14... a5 15. d5 (15. Be3 $14) 15... c6 16. dxc6 Bxc6 17. a4 bxa4 18. Bxa4 Bxa4 19. Rxa4 Nc5 20. Ra2 d5 21. Bg5 $1 dxe4 22. Qxd8 Rexd8 23. Bxf6 gxf6 24. Nxe4 Nd3 25. Re3 $2 ({Better is} 25. Rea1 $11) 25... f5 $1 26. Nf6+ Kh8 $1 27. Ra1 Bc5 28. Nd4 e4 29. Rg3 {Kovchan,A (2469)-Bilych,O (2451) Ponte de Lima POR 2024 0-1 (87)} (29. Nh5 $17 {is a better defense.})) 15. a4 c6 16. Be3 Qc7 {White is better.} 17. Bd3 Rad8 18. Qc2 d5 19. Nxe5 $6 {Inaccuracy. dxe5 was best.} (19. dxe5 $1 dxe4 20. Nxe4 Nd5 21. Bg5 Be7 22. e6 $1 fxe6 23. Bd2 c5 24. c4 bxc4) (19. dxe5 $1 $16 dxe4 20. Nxe4) 19... Nxe5 $14 20. dxe5 dxe4 21. Bxb5 Nd5 22. Bc4 Qxe5 23. Bd4 Qc7 24. Nxe4 {Threatening Nc5.} (24. Rxe4 $2 c5 $19) 24... c5 25. Be3 $1 f5 $6 {Inaccuracy. Kh8 was best.} (25... Kh8) (25... Kh8 $11) 26. Ng5 $16 hxg5 27. Bxg5 Be7 28. Qxf5 Qd7 29. Qg6 Kf8 $6 {Inaccuracy. Bxg5 was best.} (29... Bxg5 30. Qxg5 Kf8 31. Qh4 Qc6 32. Rad1 Rd6 33. Qh8+ Kf7 34. Qh7 Kf8 35. f3) (29... Bxg5 $16 30. Qxg5 Kh7) 30. Re5 $18 Bxg5 31. Rxg5 Nf6 $6 {Inaccuracy. Re6 was best.} (31... Re6 32. Qh7 g6 33. Qh8+ Kf7 34. Qh6 Qe7 35. Rd1 Re1+ 36. Rxe1 Qxe1+ 37. Kh2) (31... Re6 $142 32. Qh7 Qf7) 32. Rxc5 $4 {Blunder. Rf5 was best.} (32. Rf5 Re6 33. Bxe6 Qxe6 34. Rxc5 Qd6 35. b4 Re8 36. Rg5 {[%csl Gg5][%cal Rg6g7]} Qe7 37. Qd3 Ne4) (32. Rf5 $18 Re6 33. Bxe6 Qxe6 34. Rxc5) 32... Re7 $4 {Blunder. Re4 was best.} (32... Re4 33. b4) (32... Rc8 $14 33. Rxc8 Bxc8) 33. Rf5 {White wants to mate with Rxf6+.} Qc6 34. Rf4 $1 Rde8 35. Rf1 $6 {Inaccuracy. Rd1 was best.} (35. Rd1 Bc8 36. Rh4 Re1+ 37. Kh2 $1 {[%csl Gc4][%cal Rg6f7]} Qxc4 38. Rxc4 Rxd1 39. Rc6 Be6 40. Qc2 Rdd8) (35. Rd1 $142) 35... Rd7 36. Rh4 $1 {[%cal Rh4h8]} Ke7 37. b4 $2 {Mistake. Qxg7+ was best.} (37. Qxg7+ Kd8 38. Qg5 Kc8 39. f3 Kb8 40. a5 Rd6 41. Qg3 Ka8 42. b4 $1 Qd7) (37. Qxg7+ $18 Kd8 38. Qg3) 37... Kd8 $14 38. b5 Qc7 {aiming for ...Be4.} 39. Qg5 $6 {Inaccuracy. bxa6 was best.} (39. bxa6 Be4 40. a7 $1 Qxa7 41. Qg3 Qc7 $1 42. Bb5 Bc6 43. Bxc6 Qxc6 44. Rd4 Rxd4) 39... Be4 $132 {[%mdl 2048] Black is not keeping still} 40. Ba2 Bd3 41. Rc1 axb5 42. axb5 Kc8 43. Rd4 Rde7 {( -> ...Re1+)} 44. f4 Re2 $6 {Inaccuracy. Rd8 was best.} (44... Rd8) 45. Rxd3 {And now Bd5 would win.} Rxa2 46. Kh2 Ra4 47. Rf1 (47. c4 $16) 47... Rc4 $2 {Mistake. Re7 was best.} (47... Re7 48. Rdd1 Kb7 49. b6 Qxc3 50. Rc1 Qa5 51. Qg6 Rae4 52. Qg3 Re3 53. Rf3) (47... Re7 $11 {keeps the balance.}) 48. b6 $16 Qxb6 {[#]} 49. Qxg7 $6 {Inaccuracy. Ra1 was best.} (49. Ra1 $1 Rc7) ({Only move:} 49. Ra1 $1 $18) 49... Rg8 $14 50. Qf7 Rc7 51. Qa2 Rcg7 52. Rf2 Qc6 $2 {Mistake. Ra7 was best.} (52... Ra7 53. Qc2 Rd8 54. Rdd2 Rxd2 55. Rxd2 Rd7 56. Re2 Rd5 57. c4 Ra5 58. Qd3) (52... Ra7 $16 53. Qc4+ Rc7) 53. Rd4 Nd7 54. Qd5 $2 {Mistake. Rb2 was best.} (54. Rb2) (54. Re2 $18) 54... Qxd5 55. Rxd5 Rg3 $2 {Mistake. Re8 was best.} (55... Re8) ({Black should play} 55... Re8 $14) 56. Rfd2 $18 Nb6 57. R5d3 $6 {Inaccuracy. Rd8+ was best.} (57. Rd8+ Kc7 58. Rxg8 Rxg8 {[#]} 59. g4 $1 {[%cal Rg4g5]} Nc4 60. Rd3 Nd6 61. Kg3 Kd7 62. g5 Ke6) 57... R3g7 58. g4 Kc7 59. Re2 Nd7 60. Kg3 Rh8 (60... Rh7 $142 61. Ra2 Nc5 62. Ra7+ Nb7) 61. h4 Rgh7 ({Reject} 61... Nf6 62. g5 $18) 62. Rh2 Nf6 63. g5 Ne4+ 64. Kg4 Rg8 {Now ...Rxh4+ and Black clings on.} 65. Rd4 Nf6+ 66. Kf3 Nd7 67. h5 Rf7 68. Ra2 Ne5+ 69. Kg3 Nc6 70. Rc4 {Ra7+ is the strong threat.} Kb6 71. Rb2+ Kc7 72. Kg4 Rd7 73. g6 Rd1 74. f5 Rg1+ 75. Kf4 Rf1+ 76. Kg5 Rg1+ 77. Rg4 Rh1 78. f6 Ne5 {If Black can now play ...Rh8 this consolidates a bit.} 79. Re4 $6 {Inaccuracy. g7 was best.} (79. g7 Nf7+ 80. Kg6 Ne5+ 81. Kf5 Nxg4 82. Kxg4 Rg1+ 83. Kf3 Kd7 84. f7 R1xg7) 79... Nf7+ 80. Kg4 {Threatens to win with Re7+.} Nh6+ 81. Kg5 Nf7+ 82. Kf4 Rh4+ 83. Ke3 Rh3+ 84. Kf4 Rh4+ 85. Ke3 Rh3+ 86. Kd2 Nd6 87. Rf4 ({Less strong is} 87. Re7+ Kc6 $16) 87... Rh2+ 88. Kc1 Rh1+ 89. Kc2 Rh2+ 90. Kb3 Rxh5 91. Rg2 Rb8+ 92. Rb4 {Strongly threatening Rxb8.} Rg8 {intending ...Rf5.} 93. f7 Nxf7 94. gxf7 {[%mdl 4096] Endgame KRR-KRR} Rf8 95. Rf4 Rh7 96. Rgf2 Kd6 97. c4 Ke7 98. c5 {White is clearly winning.} Rb8+ 99. Kc4 Kf8 100. Rg2 {Threatening mate with Rg8+.} Rxf7 101. Rxf7+ Kxf7 102. Re2 {Accuracy: White = 70%, Black = 54%.} 1-0

[Event "Sharjah Master 2024"]
[Site "Shsrjah - Abu Dhabi"]
[Date "2024.05.17"]
[Round "?"]
[White "Pranav, V."]
[Black "Martirosyan, Haik M."]
[Result "1/2-1/2"]
[WhiteElo "2587"]
[BlackElo "2678"]
[PlyCount "111"]
[EventDate "2024.05.14"]
[EventCountry "UAE"]

1. e4 e5 2. Nf3 Nc6 3. Bb5 Nf6 4. O-O Nxe4 5. d4 Nd6 6. dxe5 Nxb5 7. a4 d6 8. e6 Bxe6 9. axb5 Ne5 10. Nd4 Be7 11. f4 Nc4 12. Nc3 $146 ({RR} 12. Nxe6 fxe6 13. Qe2 Nb6 14. Qxe6 Qd7 15. Qb3 d5 16. Be3 O-O 17. Nc3 Nc4 18. Nd1 Bf6 19. Bc5 Rfe8 20. Qd3 b6 21. Bd4 Bxd4+ 22. Qxd4 Re2 23. b3 Na5 24. Ne3 Qxb5 25. Nxd5 Nc6 26. Qd1 Qc5+ {Dilmukhametov,A (2276)-Malakhov,V (2648) chess.com INT 2024 0-1 (55)}) ({RR} 12. b3 Nb6 13. f5 Bd7 14. Qg4 O-O 15. Nc3 Bf6 16. Be3 Re8 17. Bf2 c5 18. bxc6 bxc6 19. Ne4 c5 20. Nxd6 cxd4 21. Nxe8 Qxe8 22. Bxd4 Nd5 23. Rfe1 Qc8 24. c4 Bxf5 25. Qd1 Bc2 26. Qd2 Bxd4+ {Shirov,A (2660)-Lazavik,D (2567) chess.com INT 2024 0-1 (56)}) ({RR} 12. Qe2 Nb6 {½-½ (12) Khamdamova,A (2300)-Yakubbaeva,N (2293) Tashkent UZB 2024}) 12... Nb6 13. Nxe6 fxe6 14. Qg4 Bf6 15. f5 $6 {Inaccuracy. Ne4 was best.} (15. Ne4 O-O 16. Qxe6+ Kh8 17. Nxf6 Qxf6 18. Qxf6 Rxf6 19. f5 Kg8 20. g4 a6) 15... exf5 16. Re1+ Be5 17. Qxg7 Qe7 18. Qh6 Kd7 19. Bg5 $2 {Mistake. Qh3 was best.} (19. Qh3 Rae8) 19... Qf7 20. Qh3 Qg6 $6 {Inaccuracy. Rag8 was best.} (20... Rag8 21. Ne4) 21. Rf1 Raf8 22. Bh6 Rf6 23. Be3 Qg4 24. Qxg4 fxg4 25. Rxf6 Bxf6 26. Rxa7 Nc4 27. Nd5 Nxe3 28. Nxf6+ Ke6 29. Ne4 Rb8 30. Ra3 Nc4 31. Rc3 d5 32. Nf2 Kd6 33. Ne4+ Ke5 34. Nf2 h5 35. b3 Ra8 36. Kf1 Ra3 37. h3 Kd6 38. hxg4 hxg4 39. Nxg4 Ra1+ 40. Ke2 Na3 41. b6 c5 42. Rh3 Kc6 43. Ne3 d4 44. Nc4 Nxc4 45. bxc4 Kxb6 46. Rb3+ Kc6 47. c3 Ra2+ 48. Kd3 dxc3 49. Kxc3 Rxg2 50. Rb1 Rg3+ 51. Kc2 b6 52. Rh1 Kb7 53. Rf1 Re3 54. Rh1 Re6 55. Rg1 Kc6 56. Kc3 1/2-1/2